Vaisnava Iconography in the Tamil Country (Record no. 20195)

MARC details
000 -LEADER
fixed length control field 00291nam a22001217a 4500
082 ## - DEWEY DECIMAL CLASSIFICATION NUMBER
Classification number 294.5512 CHA
100 ## - MAIN ENTRY--AUTHOR NAME
Author name Champakalakshmi R
245 ## - TITLE STATEMENT
Title Vaisnava Iconography in the Tamil Country
260 ## - PUBLICATION, DISTRIBUTION, ETC. (IMPRINT)
Place of publication New Delhi
Name of publisher Orient Longman
Year of publication 1981
300 ## - PHYSICAL DESCRIPTION
Number of Pages 370
650 ## - SUBJECT ADDED ENTRY--TOPICAL TERM
Topical Term Vaishnavism
942 ## - ADDED ENTRY ELEMENTS (KOHA)
Koha item type Books
Holdings
Home library Current library Date acquired Source of acquisition Cost, normal purchase price Full call number Accession Number Koha item type
Henry Martyn Institute Library Henry Martyn Institute Library 02/02/2017 Orient Blackswan hyderabad 250.00 294.5512 CHA 25104 Books
                   Copyright © 2026 | Henry Martyn Institute | Hyderabad | TS-500052 | INDIA | Implemented by hmi.edu.in
Hit-Count:

Powered by Koha